| 000 | 00633cam a2200181 4500 | ||
|---|---|---|---|
| 001 | ##L132289 | ||
| 008 | 060124n1915 000 0 eng u | ||
| 035 | _a(Sirsi) u132289 | ||
| 041 | 0 | _aeng | |
| 050 | 0 | 4 | _a346.4102 $2 18 |
| 100 | 1 | _aEvans, Ernest | |
| 245 | 0 | 0 | _aElements of the law relating to vendors and purchasers |
| 260 |
_aLondon _bEstates Gazette _c1915 |
||
| 300 |
_a332p. _c22cm. |
||
| 520 | _aDiscusses the main principles of the Law of Contract; the Sale of Goods Act, 1893; sales of real property; and the special powers and forms of sale. | ||
| 690 | _aPROPERTY-PROPERTY ACQUISITION AND DISPOSAL | ||
| 942 | _n0 | ||
| 999 |
_c105077 _d105077 |
||